00592nam a2200169 a 450000100100000000500170001000800410002704000250006808200090009324500860010226000430018850000210023170000350025204900090028795201090029699900170040500002606820200930024257.0110228s1974 ve 000 0 spa d aDO-SdBNPbspacBNPHU axxxx00aHerman de Las Casas (1901-1947) :bSu obra escrita /ccompilador Pablo Izaguirre. aCaracas, Venezuela :bCromotip,c1974. aIncluye índice1 aIzaguirre, Pabloecomp.953009 aBNGR 001050718MOaGRbGRcCTd2011-02-28iLF1l0oxxxx p26068-10r2020-06-25w2020-06-25y1ZNo se presta c25560d25560